Vocabulary - New Password B2; unit 2 - Statystyki

Ogólne statystyki
  • Ten quiz został rozwiązany 276 razy
  • Średni wynik to 61 z 116
Statystyki odpowiedzi
Hint Odpowiedź % Poprawnych
kolega z pracy colleague
89%
zrywać/rozstawać się break up
88%
rozstanie breakup
88%
szwagier brother-in-law
87%
para couple
86%
narzeczony fiancé
79%
toksyczny toxic
77%
narzeczona fiancée
76%
partner partner
75%
ojczym stepfather
75%
macocha stepmother
75%
ślub wedding
74%
przyjaźń friendship
73%
związek relationship
73%
szwagierka/bratowa sister-in-law
72%
romans romance
71%
rodzeństwo siblings
71%
siostrzenica/bratanica niece
70%
krewny relative
70%
rodzic samotnie wychowujący dziecko single parent
70%
daleki krewny distant relative
69%
brat bilźniak twin brother
69%
siostra bliźniaczka twin sister
69%
przyrodni brat half brother
68%
przyrodnia siostra half sister
68%
siostrzeniec/bratanek nephew
68%
bolesny painful
68%
długoterminowy long-term
67%
pogodzić się make up
67%
manipulujący manipulative
67%
platoniczny platonic
67%
rozdzierający serce heartbreaking
65%
znajomy acquaintance
63%
kłótnia argument
63%
przyjaciele i wrogowie friends and foes
63%
być podobnym do kogoś take after
63%
pokłócić się fall out
62%
spędzać razem czas hang out
61%
wspierający supportive
61%
zaręczony z kimś engaged to sb
60%
chodzić na randki, daktyl | chodzić na rendez-vous date
59%
zakochać się w kimś fall in love with sb
57%
wychodzić wspólnie go out together
57%
wyglądać jak look like
57%
zakochać się w kimś fall for sb
55%
wzloty i upadki ups and downs
55%
zdruzgotany devastated
54%
ściągać (na egzaminie); zdradzać kogoś cheat
53%
mieć na coś ochotę | mieć na coś ochotę, podkochiwać się w kimś fancy
53%
bratnia dusza soulmate
52%
głęboka więź deep bond
51%
żal grief
51%
do tanga trzeba dwojga it takes two to tango
51%
podziwiać kogoś look up to sb
51%
tracić kontakt lose touch
51%
niewielki, nieznaczny minor
51%
rozstać się z kimś split up with sb
51%
być zaręczonym, być zajętym (linia telefoniczna) be engaged
50%
dogadywać się z kimś get on with sb
50%
zrzędliwy grumpy
50%
kumpel mate
50%
zasady ubioru dress code
49%
dorastać grow up
49%
komedia romantyczna romcom
49%
mieć żonę/męża i dzieci be married with children
48%
czas leczy rany time is a healer
48%
atrakcyjny dla kogoś attractive to sb
47%
zakończyć związek end a relationship
47%
przyjęcie party
46%
rozsiewać plotki spread rumours
46%
być z kimś blisko be close to sb
45%
szczerzyć zęby grin
45%
mamrotać mumble
45%
bilet w jedną stronę single ticket
45%
wpaść na (coś/kogoś) bump into
44%
miażdżyć, zadurzenie crush
44%
miłość od pierwszego wejrzenia love at first sight
44%
karta pamięci memory stick
43%
niezręczny awkward
41%
z powodu nieporozumienia due to a misunderstanding
41%
w pół zdania in mid-sentence
41%
rówieśnik peer
41%
przy odrobinie szczęścia with luck
41%
niespokojne myśli anxious thoughts
40%
niszczący/paraliżujący crippling
40%
para małżeńska married couple
40%
przyciąganie, pociąg do kogoś, atrakcja attraction
39%
gapić się na kogoś stare at sb
39%
pierścionek zaręczynowy engagement ring
37%
przedstawić kogoś komuś introduce sb to sb
37%
nie doceniać underestimate
36%
zadurzyć/zakochać się w kimś have a crush (on sb)
35%
wiedzieć z doświadczenia know from experience
35%
pasować do siebie, dobrana para match
35%
otoczony surrounded
35%
pogrążać się w czymś wallow in sth
35%
wychowywać (dziecko) bring up
34%
załagodzić konflikt patch up the differences
34%
być spokrewnionym z kimś be related to sb
33%
dzwonić do kogoś give sb a ring
33%
wpaść (do kogoś) pop over
33%
niewzruszony unaffected
33%
umówić kogoś z kimś set sb up with sb
32%
być powiązanym z kimś be connected to sb
31%
poślubić kogoś get married to sb
31%
różnorodny varied
31%
zaprzyjaźniać się z make friends with
30%
porównywać coś z czymś compare sth to sth
29%
troska, zmartwienie concern
29%
mówić coś za czyimiś plecami say something behind someone's back
25%
odnosić wrażenie, sądzić be under the impression
24%
pozostać w przyjaźni z remain friends with
23%
wspierać kogoś w trudnym czasie support someone through a difficult time
17%
skrępowany self-concious
9%
Nie znaleziono quizów pasujących do podanych kryteriów
Rozkład punktacji
Procent ludzi z każdym wynikiem
Percentyl według liczby udzielonych odpowiedzi
Twoja historia wyników
Nie rozwiązałeś tego quizu